000 00778nam a2200193 i 4500
001 136531
003 ES-MaACL
005 20250916212403.0
007 t|
008 070214s1971 sp r ||||1| spa d
100 1 _aSaénz de Tejada y Benvenuti, Carlos.
_9101322
245 1 0 _aJuan Valera, Serafín Estébanez Calderón, 1850-1858 :
_bcrónica histórica y vital de Lisboa, Brasil, París y Dresde : (como coyunturas humanas a través de un diplomático intelectual) /
_cCarlos Sáenz de Tejada y Benvenuti.
260 _aMadrid :
_bMoneda y Crédito,
_c1971.
300 _a395 p., 8 lám. ;
_c24 cm.
600 1 4 _aValera, Juan,
_d1824-1905
_9112638
600 1 4 _aEstébanez Calderón, Serafín,
_d1799-1867
_948084
852 _aES-MaACL
_jC-37651
999 _c136531
_d136531